Understanding the R&D needs for water resources management in Southeast Asia / (Record no. 284701)
[ view plain ]
| 000 -LEADER | |
|---|---|
| fixed length control field | 00663nam a22001697a 4500 |
| 003 - CONTROL NUMBER IDENTIFIER | |
| control field | PILC |
| 005 - DATE AND TIME OF LATEST TRANSACTION | |
| control field | 20150604084747.0 |
| 008 - FIXED-LENGTH DATA ELEMENTS--GENERAL INFORMATION | |
| fixed length control field | 150604b xxu||||| |||| 00| 0 eng d |
| 020 ## - INTERNATIONAL STANDARD BOOK NUMBER | |
| International Standard Book Number | 9715600778 |
| 050 ## - LIBRARY OF CONGRESS CALL NUMBER | |
| Classification number | HD 1691 |
| Item number | .Un55 2002 |
| 245 ## - TITLE STATEMENT | |
| Title | Understanding the R&D needs for water resources management in Southeast Asia / |
| Statement of responsibility, etc | edited by Arnulfo G. Garcia and Cassiophiea M. Madid. |
| 260 ## - PUBLICATION, DISTRIBUTION, ETC. (IMPRINT) | |
| Place of publication, distribution, etc | Philippines : |
| Name of publisher, distributor, etc | SEAMEO Regional Center for Graduate Study and Research in Agriculture (SEARCA), |
| Date of publication, distribution, etc | 2002. |
| 300 ## - PHYSICAL DESCRIPTION | |
| Extent | i, 41 pages : |
| Other physical details | illustrations ; |
| Dimensions | 24 cm. |
| 650 ## - SUBJECT ADDED ENTRY--TOPICAL TERM | |
| Topical term or geographic name as entry element | Water resources development. |
| Chronological subdivision | Asia. |
| 650 ## - SUBJECT ADDED ENTRY--TOPICAL TERM | |
| Topical term or geographic name as entry element | Water resources |
| Chronological subdivision | Asia. |
| 942 ## - ADDED ENTRY ELEMENTS (KOHA) | |
| Source of classification or shelving scheme | Library of Congress Classification |
| Koha item type | Books |
| Call number prefix | Foreign |
No items available.